000 00971nam a22002177a 4500
003 OSt
005 20250917091954.0
008 240228b ||||| |||| 00| 0 eng d
040 _c0
082 _aDPer 621.317 Ie21 June 2022 v. 37 n. 6
100 _aLumen, S. M. Sanzard.
_eauthor.
_953697
245 _aAn improved DC circuit breaker topology capable of efficient current breaking and regeneration /
_cS. M. Sanzard Lumen, Ramani Kannan, Md. Apel Mahmud, and Nor Zaihar Yahaya.
260 _aNew York ;
_bThe Institute of Electrical and Electronics Engineers, Inc. ,
_cJune 2022.
300 _aVolume 37, pages 6927-6938 :
_billustration ;
_c29 cm.
500 _aIEEE Transactions on Power Electronics, vol. 37, no. 6, pages 6927-6938, June 2022.
700 _aLumen, S. M. Sanzard.
_eauthor.
_953697
700 _aKannan, Ramani.
_eauthor.
_953698
700 _aMahmud, Md. Apel.
_eauthor.
_953699
700 _aYahaya, Nor Zaihar.
_eauthor.
_953700
942 _2ddc
_cPER
999 _c19439
_d19439